header

Towards a multifunctional lexical resource (Record no. 148385)

MARC details
000 -LEADER
fixed length control field 01407nam a2200361 a 4500
100 1# - MAIN ENTRY--AUTHOR NAME
Personal name Spohr, Dennis.
245 10 - TITLE STATEMENT
Title Towards a multifunctional lexical resource
260 ## - PUBLICATION, DISTRIBUTION, ETC. (IMPRINT)
Place of publication Berlin :
Name of publisher De Gruyter,
Year of publication 2012.
300 ## - PHYSICAL DESCRIPTION
Number of Pages xii, 205 p. :
Other physical details ill.
490 1# - SERIES STATEMENT
Series statement Lexicographica. Series maior,
650 #0 - SUBJECT ADDED ENTRY--TOPICAL TERM
Topical Term Lexicography
Topical Term Computational linguistics.
Topical Term Semantic Web.
856 40 - ELECTRONIC LOCATION AND ACCESS
Uniform Resource Identifier http://site.ebrary.com/lib/rucke/Doc?id=10534137

No items available.

© 2026 Rongo University
Contact us: librarian | system librarian | Rongo university